000 00423nam a2200157 i 4500
001 145929
003 ES-MaACL
005 20230906201347.0
007 t|
008 071018s1970 sp ||||1| spa d
100 1 _aVega Alcalá, J.
_9113587
245 1 0 _aEspuma y flor del turismo /
_cJ. Vega Alcalá.
260 _a[Madrid] :
_bYagúes,
_c[1970]
300 _a194 p. ;
_c19 cm.
852 _aES-MaACL
_jC-49633
_bR.74898
999 _c145929
_d145929